Quiz sur la Haute-Corse - Statistiques

Statistiques générales
  • Ce quiz a été pris 598 fois
  • Le résultat moyen est 13 sur 20
Statistiques - réponses
Question Réponse % Correct
Préfecture et plus grande ville Bastia
99%
Région Corse
99%
Numéro du département 2B
97%
Département limitrophe Corse-du-Sud
86%
Sous-préfectures Calvi
82%
Mer bordant l'ouest du département. Mer Méditerranée
79%
Corte
78%
Sentier de randonnée mythique qui traverse le département. Le GR20
77%
Nom donné à l'extrême nord de la Haute-Corse. Cap Corse
76%
Commune disposant du deuxième port de commerce de la Haute-Corse et fondée par Pascal Paoli, considéré comme le père de la Corse. L'Ile-Rousse
70%
Boisson commercialisée sous l’appellation Patrimonio. Vin
62%
Ville italienne à l'origine d'une république qui contrôla la Haute-Corse et érigea des tours dont 47 sont encore visibles. Gênes
61%
Point culminant du département et de l'île. Mont Cinto
57%
Commune de l'est du département qui fut la capitale de Corse romaine pendant l’Antiquité. Aléria
49%
Gentilé Corses
49%
Saint-Florent est considéré comme le ... corse pour l’attrait des célébrités pour ce village. Saint-Tropez
43%
Nombre d'habitants (arrondi à la dizaine de milliers d'habitants) 180 000 (180 701)
41%
Mannequin dont la carrière a commencé dans le petit village de Lumio. Laetitia Casta
37%
Mer bordant l'est du département (mer appartenant à la mer précédente). Mer Tyrrhénienne
34%
Caractéristique de la musique corse dont un festival a lieu tous les ans dans une des sous-préfectures. Polyphonie
33%
Aucun quiz correspondant
Distribution des résultats
% des personnes avec chaque résultat
Percentile par nombre de réponses
Votre historique - résultats
Vous n’avez pas pris ce quiz